Espectros de luz
Guardat en:
| Autor principal: | |
|---|---|
| Format: | Llibre |
| Idioma: | espanyol |
| Publicat: |
Santiago
Cuarto Propio
2011
|
| Edició: | 1a. ed |
| Col·lecció: | Serie Ensayo Literatura
|
| Matèries: | |
| Etiquetes: |
Afegir etiqueta
Sense etiquetes, Sigues el primer a etiquetar aquest registre!
|
MARC
| LEADER | 00000cam a2200000 a 4500 | ||
|---|---|---|---|
| 001 | UCD4288 | ||
| 003 | CL-VaPUC | ||
| 008 | 160701e20111000cl |||||||||||||||||spa|d | ||
| 020 | |a 9789562605748 | ||
| 082 | 0 | 4 | |a 809 |b RIO |2 21 |
| 100 | 0 | |a Ríos Escobar, Valeria de los |e author |9 587951 | |
| 245 | 1 | 0 | |a Espectros de luz |
| 250 | |a 1a. ed | ||
| 300 | |a 326 p | ||
| 942 | |c BK | ||
| 945 | |d 20160701 20:49:00 |a arojas | ||
| 260 | |a Santiago |b Cuarto Propio |c 2011 | ||
| 650 | 0 | |a Literatura latinoamericana |9 309997 | |
| 650 | 7 | |a IMAGENES ESPECTROSCOPICAS |2 CL-VaPUC |9 467748 | |
| 650 | 0 | |a Fotografía |9 268495 | |
| 650 | 0 | |a Historia y crítica |9 257407 | |
| 583 | |a last modification |c 20160701 20:49:00 |k Rodrigo Vera | ||
| 490 | 0 | |a Serie Ensayo Literatura | |
| 999 | |c 365226 |d 365224 | ||
| 952 | |0 0 |1 0 |3 erb |4 0 |6 809_000000000000000_RIO_2011 |7 0 |8 A |9 479016 |a BIBART |b BIBART |i 5294959 |o 809 RIO 2011 |p 5294959 |r 2025-03-13 |w 2019-11-24 |y BK |z Catalogado en:20160701 |k ART | ||